000
00279nam a22001337a 4500
008
171127b xxu||||| |||| 00| 0 eng d
020
_a
9780132415835
041
_a
eng
080
_a
37
100
_a
46
101
_a
EDU
245
_a
WRITE NOW
_c
ANDERSON, D
942
_2
udc
_c
BK
999
_c
38576
_d
38576